| 000 | 00926nam a2200217 4500 | ||
|---|---|---|---|
| 001 | 108465 | ||
| 003 | ES-MaACL | ||
| 005 | 20250728030931.0 | ||
| 007 | t| | ||
| 008 | 061121s1958 sp r ||||1| spa d | ||
| 100 | 1 |
_aMontero Pérez, Nemesio. _982536 |
|
| 245 | 1 | 3 |
_aLa fotografía en el campo de las Bellas Artes _b: Discurso de ingreso / _cpor el Dr. D. Nemesio Montero Pérez...6 de marzo de 1958 y contestación del...Dr. D. José Cilleruelo Zamora. |
| 260 |
_aValladolid : _b[s.n., _c1958] ( _fSever-Cuesta, imp.) |
||
| 300 |
_a41 p. ; _c24 cm. |
||
| 500 | _aPrecede al tít.: Real Academia de Bellas Artes de la Purísima Concepción de Valladolid. | ||
| 650 | 1 | 7 |
_aFotografía _2embne _912943 |
| 700 | 1 |
_aCilleruelo Zamora, José. _938830 |
|
| 710 | 2 |
_aReal Academia de Bellas Artes de la Purísima Concepción de Valladolid. _96289 |
|
| 852 |
_aES-MaACL _j2009-F-2 _bR.42615 |
||
| 999 |
_c108465 _d108465 |
||